000 01126nam a22003377a 4500
001 BR2014003242
003 BR-BrBNA
005 20230928104445.0
007 ta
008 230509b bl.||||| |||| 00| 0 por d
040 _aBR-BrBNA
_bpor
_cBiblioteca Nacional de Agricultura
041 _a(Por)
072 _aE14
090 _ E14 BR2014003242
100 1 _aCruz, H. (org.)
100 1 _aSablayrolles, P. (org.)
100 1 _aKanashiro, M. (org.)
100 1 _aAmaral, M. (org.)
100 1 _aSist, P. (org.)
110 1 _aInstituto Brasileiro do Meio Ambiente e dos Recursos Naturais Renováveis, Belém, PA (Brasil)
_95922
245 1 _aRelação empresa comunidade no contexto do manejo florestal comunitário e familiar: uma contribuição do projeto floresta em pé
250 1 _a1. ed.
260 3 _aBelém, PA (Brasil):
_c2011.
300 _a318 p.
500 _aIncludes several bibliographies; Summary (Eng, Por); 54 illus.; 79 tables
650 _aFLORESTA
650 _aPOLÍTICAS PÚBLICAS
650 _aPROJETO DE DESENVOLVIMENTO
909 _a202309
_bLucia
_c55
_dLucia Elande
942 _cBK
999 _c80016
_d80016